| 000 -LEADER |
| fixed length control field |
01081cam a22001571 4500 |
| 082 ## - DEWEY DECIMAL CLASSIFICATION NUMBER |
| Classification number |
962 |
| Author Mark |
ALF |
| 100 1# - MAIN ENTRY--PERSONAL NAME |
| Personal name |
Alford, Henry Stamford Lewis, |
| 9 (RLIN) |
49981 |
| 245 04 - TITLE STATEMENT |
| Title |
The Egyptian Soudan, its loss and its recovery. |
| Statement of responsibility, etc. |
By Henry S. L. Alford and W. Dennistoun Sword. With numerous portraits, illustrations and maps, and records of the services of the officers (1896-8), etc. |
| 260 ## - PUBLICATION, DISTRIBUTION, ETC. |
| Place of publication, distribution, etc. |
London, |
| -- |
New York, |
| Name of publisher, distributor, etc. |
Macmillan and co., limited, |
| Date of publication, distribution, etc. |
1898. |
| 300 ## - PHYSICAL DESCRIPTION |
| Extent |
xiv p., 1 l., 336 p. incl. tables. |
| Other physical details |
front., plates, ports., maps (part fold.) plans (part fold.) |
| Dimensions |
23 cm. |
| 505 0# - FORMATTED CONTENTS NOTE |
| Formatted contents note |
The Soudan prior to its recapture.--The Dongola expedition, 1896.--The operations of 1897.--The Nile expedition, 1898.--Appendices: I. Organisation of the Dongola expeditionary force, 1896, and the Nile expeditionary force, 1898. II. Roll of British officers, warrant officers, non-commissioned officers and men who lost their lives in the campaign on the Nile (1896-8) |
| 526 ## - STUDY PROGRAM INFORMATION NOTE |
| Program name |
0 |
| Interest level |
0 |
| Reading level |
0 |
| Title point value |
962_000000000000000_ALF |
| 650 ## - SUBJECT ADDED ENTRY--TOPICAL TERM |
| Topical term or geographic name entry element |
MCE |
| 9 (RLIN) |
379 |
| 700 1# - ADDED ENTRY--PERSONAL NAME |
| Personal name |
Sword, William Dennistoun, |
| 9 (RLIN) |
49982 |
| 942 ## - ADDED ENTRY ELEMENTS (KOHA) |
| Source of classification or shelving scheme |
|
| Koha item type |
Book |